00453nam a2200169 a 450000100060000000300090000600800410001502000150005604000280007108200180009910000350011724500330015226000360018530000110022165000280023265000230026019198CO-ViMGA141112s2004 ck r 000 u spa d a8471144212 aCO-ViMGAbspacCO-ViMGA04a630.905 C813a1 aCubero, J. I.; Moreno, Ma. Ta.10aLa Agricultura del siglo XXI aMadrid : bMundi - prensa; 1991 a287 p.14aAGRICULTURA - SIGLO XXI14aRECURSOS NATURALES